000 00571nam a2200169Ia 4500
008 151213s9999 xx 000 0 und d
020 _a9.789848765e+012
100 _aসালাউদ্দীন আহমদ
245 _aএকাত্তরের চিঠি
_cসালাউদ্দীন আহমদ
250 _a২য় সং
260 _aঢাকা
_bমতিউর রহমান।
_c2009
300 _a8355 p.
650 _aBangla
650 _a্ইতিহাস
700 _aসালাউদ্দীন আহমদ
999 _c4195
_d4195